Mammal, Bird, or Reptile - Statistics

General Stats
  • This quiz has been taken 538 times
  • The average score is 12 of 15
Answer Stats
Question Answer % Correct
Sloth Mammal
100%
Anaconda Reptile
99%
Capybara Mammal
97%
Platypus Mammal
95%
Cassowary Bird
92%
Petrel Bird
90%
Kookaburra Bird
87%
Dugong Mammal
85%
Quetzal Bird
83%
Pangolin Mammal
80%
Terrapin Reptile
70%
Ptarmigan Bird
69%
Gharial Reptile
60%
Skink Reptile
59%
Binturong Mammal
50%
No matching quizzes found
Score Distribution
Percent of People with Each Score
Percentile by Number Answered
Your Score History
You have not taken this quiz